Intranets, empresa y gestión documental (Registro nro. 616)
[ vista simple ]
| 000 -LEADER | |
|---|---|
| fixed length control field | 01873 a2200217 4500 |
| 001 - CONTROL NUMBER | |
| control field | 15168 |
| 005 - DATE AND TIME OF LATEST TRANSACTION | |
| control field | 20260407155449.0 |
| 008 - FIXED-LENGTH DATA ELEMENTS--GENERAL INFORMATION | |
| fixed length control field | 260407a1997 arg spa d |
| 003 - CONTROL NUMBER IDENTIFIER | |
| control field | AR-UNSa-BCEJYS |
| 040 ## - CATALOGING SOURCE | |
| Original cataloging agency | AR-UNSa-BCEJYS |
| Language of cataloging | spa |
| Transcribing agency | AR-UNSa-BCEJYS |
| 080 ## - UNIVERSAL DECIMAL CLASSIFICATION NUMBER | |
| Universal Decimal Classification number | 658.011.56 |
| Common auxiliary subdivision | Automatización |
| 020 ## - INTERNATIONAL STANDARD BOOK NUMBER | |
| International Standard Book Number | 84-481-1062-5 |
| 100 1# - MAIN ENTRY--PERSONAL NAME | |
| Personal name | Siminiani, Mariano |
| 245 10 - TITLE STATEMENT | |
| Title | Intranets, empresa y gestión documental |
| Name of part/section of a work | cómo enfocar en la práctica la tecnología desde la necesidad de eficiencia en todo tipo de empresas |
| 264 #1 - PRODUCTION, PUBLICATION, DISTRIBUTION, MANUFACTURE, AND COPYRIGHT NOTICE | |
| Place of production, publication, distribution, manufacture | Madrid : |
| Name of producer, publisher, distributor, manufacturer | McGraw-Hill |
| Date of production, publication, distribution, manufacture, or copyright notice | 1997 |
| 300 ## - PHYSICAL DESCRIPTION | |
| Extent | xviii, 264 p. |
| Dimensions | 23 cm. |
| 505 ## - FORMATTED CONTENTS NOTE | |
| Formatted contents note | 1. Centrándonos en la gestión documental - 2. Lo que hacemos - 3. Lo que queremos hacer. ¿Qué necesidades tenemos? - 4. ¿En qué consiste un sistema de gestión documental? - 5. World Wide Web y las intranets - 6. Los subsistemas de base de datos documental y el correo electrónico - 7. Los subsistemas de imágenes y de OCR - 8. Los subsistemas de base de datos relacional, ofimática y thesaurus - 9. Características de la plataforma que debe soportar a la gestión documental - 10. Aplicaciones concretas de gestión documental - 11. Enfoque general de las operaciones necesarias para implantar un sistema de gestión documental - 12. El análisis y diseño del sistema de gestión documental. Generalidades y análisis - 13. El análisis y diseño del sistema de gestión documental. Diseño y conclusiones - 14. La fase de integración, desarrollo y pruebas del sistema de gestión documental - 15. La implantación del sistema de gestión documental - 16. La fase de administración y mantenimiento del sistema de gestión documental - 17. Estudio de riesgos. Análisis coste/beneficio |
| 590 ## - LOCAL NOTE (RLIN) | |
| Local note | niveau_biblio:m niveau_hierar:0 |
| 856 41 - ELECTRONIC LOCATION AND ACCESS | |
| Uniform Resource Identifier | <a href="https://www.biblioeco.unsa.edu.ar/pmb/images/libros/15168.jpg">https://www.biblioeco.unsa.edu.ar/pmb/images/libros/15168.jpg</a> |
| Link text | Imagen de portada |
| Electronic format type | image/jpeg |
| 942 ## - ADDED ENTRY ELEMENTS (KOHA) | |
| Koha item type | |
| Withdrawn status | Lost status | Damaged status | Not for loan | Home library | Current library | Shelving location | Date acquired | Total checkouts | Full call number | Barcode | Date last seen | Price effective from | Koha item type |
|---|---|---|---|---|---|---|---|---|---|---|---|---|---|
| Biblioteca Prof. Eusebio Cleto del Rey | Biblioteca Prof. Eusebio Cleto del Rey | 07/04/2026 | 658.011.56 S588 | L119008 | 07/04/2026 | 07/04/2026 | Libro |